Information at Work Information Management in the Workplace

Gespeichert in:
Bibliographische Detailangaben
Weitere Verfasser: Byström, Katriina, Heinström, Jannica, Ruthven, Ian
Format: Buch
Sprache:Englisch
Veröffentlicht: London Facet Publishing 2019
Ausgabe:1st Edition
Schlagworte:
Tags: Tag hinzufügen
Keine Tags, Fügen Sie das erste Tag hinzu!

MARC

LEADER 00000nam a2200000 4500
001 0252248
005 20240221112832.6
020 |a 978-1-78330-275-8 
020 |a 978-1-78330-276-5 
041 0 |a eng 
044 |a GB 
245 1 0 |a Information at Work  |b Information Management in the Workplace  |c Edited by: Katriina Byström, Jannica Heinström, Ian Ruthven 
250 |a 1st Edition 
264 1 |a London  |b Facet Publishing  |c 2019 
300 |a 179 s. 
610 2 0 |a rozvoj vedeckotechnický 
610 2 0 |a technológie nové 
610 2 0 |a miesta pracovné 
610 2 0 |a spoločnosť informačná 
610 2 0 |a informácie 
610 2 0 |a zber dát 
610 2 0 |a kultúra 
610 2 0 |a riadenie 
610 2 0 |a technológie informačné 
610 2 0 |a systémy informačné 
610 2 0 |a zdroje informácií 
610 2 0 |a zdroje informačné elektronické 
700 1 |a Byström, Katriina 
700 1 |a Heinström, Jannica 
700 1 |a Ruthven, Ian